000 00725nam a2200241Ia 4500
003 OSt
005 20220927105342.0
006 a|||||r|||| 00| 0
007 ta
008 220926b |||||||| |||| 00| 0 eng d
020 _a9780195475104
024 _a194309
037 _cReference Collections
040 _aRTL
_cRTL
_beng
041 _2eng
_aeng
082 _a"V44Q7.P09<---P07, Q0"
100 _aGilani Ijaz Shafi
_9371878
245 0 _aVoice of the prople
_b Public opinion in Pakistan 2007-2009.
260 _aNew
_bYork Oxford University Press
_c2010
300 _a"xvii, 221p"
_ccm.
942 _h"V44Q7.P09<---P07, Q0"
_cCC
999 _c692039
_d692039